000
00344nam a2200145Ia 4500
008
221030s9999 xx 000 0 und d
020
_a
8120346345
041
_a
English
100
_a
K. Rajagopal
245
0
_a
Operations Research
_c
by K. Rajagopal
260
_b
PHI
_a
New Delhi
_c
2015
300
_a
595
650
_a
Management
942
_c
BK
999
_c
16932
_d
16932